000 00392nam a22000977a 4500
100 _aडॉ.राहुल
_980614
245 _aअनन्‍त काबरा खण्‍ड-2 लोक,सृजन
260 _aदिल्‍ली
_bयश पब्लिशर्स एंड डिस्‍ड्रीब्‍यूटर्स
650 _aकविता
_980615
942 _cHIN
999 _c63903
_d63903